Statistics for Click the full name of these British royals

Click here to take the quiz!

General Stats

  • This quiz has been taken 52 times
    (49 since last reset)
  • The average score is 25 of 34

Answer Stats

HintAnswer% Correct
ArchieArchie Harrison Mountbatten-Windsor
87%
HRH Prince GeorgeGeorge Alexander Louis Mountbatten-Windsor
87%
HRH Princess AnneAnne Elizabeth Alice Louise Mountbatten Windsor
83%
HRH Princess BeatriceBeatrice Elizabeth Mary Mountbatten-Windsor
83%
HRH Catherine, Princess of WalesCatherine Elizabeth Middleton
83%
HM King Charles IIICharles Philip Arthur George Mountbatten-Windosr
83%
HRH Princess CharlotteCharlotte Elizabeth Diana
83%
HRH Prince LouisLouis Arthur Charles
83%
HRH Princess MargaretMargaret Rose Windsor
83%
HRH Meghan, Duchess of SussexRachel Meghan Markle
83%
Sarah Ferguson, Duchess of YorkSarah Margaret Ferguson
83%
HRH Prince WilliamWilliam Arthur Philip Louis Mountbatten-Windsor
83%
Zara TindallZara Anne Elizabeth Phillips Tindall
83%
HRH Prince AndrewAndrew Albert Christian Edward Mountbatten-Windsor
80%
HM Queen Camilla, Queen ConsortCamilla Rosemary Shand
80%
HRH Princess EugenieEugenie Victoria Helena Mountbatten-Windsor
80%
HRH Prince HarryHenry Charles Albert David Mountbatten-Windsor
80%
James, Viscount SevernJames Alexander Philip Theo Mountbatten-Windsor
80%
LilibetLilibet Diana Mountbatten-Windsor
80%
Peter PhillipsPeter Mark Andrew Phillips Windsor
80%
HM Queen Alexandra of DenmarkAlexandra Caroline Marie Charlotte Louise Julia
77%
Princess DianaDiana Frances Spencer
77%
HM Queen Elizabeth IIElizabeth Alexandra Mary Windsor
77%
HRH Prince PhilipPhilip Mountbatten
77%
HRH Prince EdwardEdward Antony Richard Louis Mountbatten-Windsor
73%
HM Queen Elizabeth, the Queen MotherElizabeth Angela Marguerite Bowes-Lyon
73%
HM Queen VictoriaAlexandrina Victoria
60%
HM King Edward VIII / Prince Edward, Duke of WindsorEdward Albert Christian George Andrew Patrick David Windsor
53%
HM King George VIAlbert Frederick Arthur George Windsor
50%
HM King George VGeorge Frederick Ernest Albert Windsor
47%
HM King Edward VIIAlbert Edward of Saxe-Coburg and Gotha
43%
Lady Louise WindsorAlice Elizabeth Mary Mountbatten-Windsor
43%
HM Queen Mary of TeckVictoria Mary Augusta Louise Olga Pauline Claudine Agnes Windsor
37%
HRH Prince Albert, Prince ConsortFrancis Albert Augustus Charles Emmanuel of Saxe-Coburg and Gotha
27%

Score Distribution

Percentile by Number Answered

Percent of People with Each Score

Your Score History

You have not taken this quiz since the last reset